| 000 | 00505nam a2200181 a 4500 | ||
|---|---|---|---|
| 005 | 20160201141944.0 | ||
| 008 | 140313b2001 my ||||| |||| 00| 0 eng d | ||
| 040 |
_aCO-BoIAVH _cCO-BoIAVH |
||
| 041 | _aeng | ||
| 082 | 0 | 4 |
_a333.9516079 _bI35t |
| 245 | _aInappropriateness of the patent system for life forms and processes | ||
| 260 |
_aMalasia _bTWN _c2001 |
||
| 300 |
_a28 paginas. _c21 x 14 cm |
||
| 650 | 4 |
_aviajes _956294 |
|
| 650 | 4 |
_aProducción _956295 |
|
| 942 |
_cLIBRO _2ddc |
||
| 945 | _d2004-08-19 | ||
| 999 |
_c4094 _d4094 |
||